000 00528nam a2200169Ia 4500
008 090201s9999 xx 000 0 und d
010 _aKPL-49180
040 _bमराठी
041 _aमराठी
082 _a12041
_b49180
100 _aराघवेंद्र कडकाळे
245 _aगोल्ड मेडल
_cराघवेंद्र कडकाळे
260 _c2004
_bमधुराज
300 _a111
_bमोठा
600 _aगोल्ड मेडल
942 _cBOOK
999 _c212410
_d212410